000 01068nam0a2200253 4500
001 RU\NLR\BIBL_A\010679377
005 20250614083855.0
035 _a(NLR Aleph) 010679377
090 _a9640537
_c9640537
100 _a20150225d1934 |||y0rusy50 ca
101 0 _asah
102 _aRU
105 _ay z 000yy
200 1 _aӨрөбөлүүсүйе иннигер охсуһааччыларга көмөлөһөр аан-дойду үрдүнееҕи ССӨС иһинееҕи сиэксийэтин устааба
_gКиргиелей Таарыскай тылб.
210 _aМосква
_cМОПР
_d1934
215 _a14,[2] с.
_d16
300 _aЛатин. графика
541 1 _aУстав секции СССР международной организации помощи борцам революции
_zrus
601 0 2 _aМОПР
_jУставы, наставления и т.п.
_91575787
_3RU\NLR\AUTH\66691028
686 1 _aФ61(0)02
852 _aNLR
_bОНЛ
_jЯкут./2-161
942 _cBOOK
980 _aNB